WWE Pay-Per-View (PPV) Main Events - 2008 - Statistics

General Stats
  • This quiz has been taken 846 times
    385 since last reset
  • The average score is 11 of 13
Answer Stats
PPV Answer % Correct
Royal Rumble, Backlash, Night of Champions, Survivor Series John Cena
100%
No Way Out, Backlash, Judgment Day, Night of Champions, The Great American Bash, Armageddon Triple H
99%
WrestleMania XXIV, One Night Stand, SummerSlam The Undertaker
98%
WrestleMania XXIV, One Night Stand, The Great American Bash, SummerSlam, Armageddon Edge
96%
Backlash, Judgment Day Randy Orton
96%
No Way Out, No Mercy Shawn Michaels
95%
No Way Out, Armageddon Jeff Hardy
92%
No Way Out, Unforgiven, No Mercy, Cyber Sunday, Survivor Series Chris Jericho
91%
Unforgiven, Cyber Sunday Batista
90%
Unforgiven Kane
84%
Unforgiven Rey Mysterio
75%
No Way Out, Backlash, Unforgiven John Bradshaw Layfield
66%
No Way Out Umaga
63%
No matching quizzes found
Score Distribution
Percent of People with Each Score
Percentile by Number Answered
Your Score History
You have not taken this quiz since the last reset